[Event "Montreal op"]
[Site "Montreal"]
[Date "1986.09.01"]
[Round "5"]
[White "Charest, Johanne"]
[Black "Emond, Daniel"]
[Result "0-1"]
[WhiteElo "1260"]
[BlackElo "1397"]
[PlyCount "126"]
[EventDate "1986.08.29"]
[EventType "swiss"]
[EventRounds "6"]
[EventCountry "CAN"]
[SourceTitle "EXT 2022"]
[Source "ChessBase"]
[SourceDate "2021.10.06"]
[SourceVersion "1"]
[SourceVersionDate "2021.10.06"]
[SourceQuality "1"]

1. e4 c5 2. Nf3 d6 3. Bb5+ Bd7 4. Nc3 Nf6 5. d4 Bxb5 6. Nxb5 cxd4 7. e5 dxe5 8. Nxe5 Nbd7 9. Nc4 g6 10. 0-0 Bg7 11. Qxd4 0-0 12. Re1 a6 13. Nc3 Rc8 14. Ne5 Nxe5 15. Qxe5 e6 16. Bg5 Nh5 17. Qxg7+ Kxg7 18. Bxd8 Rfxd8 19. Rad1 Nf6 20. h3 Kh6 21. Rxd8 Rxd8 22. Rd1 Rxd1+ 23. Nxd1 Kg5 24. Kh2 Kf4 25. Ne3 Ne4 26. Kg1 Ng3 27. Ng4 Nf5 28. Kf1 h5 29. Nf6 Nd6 30. Ke2 Ne4 31. g3+ Nxg3+ 32. fxg3+ Kxg3 33. Ne4+ Kxh3 34. Ng5+ Kg2 35. Nxf7 h4 36. Ng5 h3 37. Nf3 h2 38. Nxh2 Kxh2 39. Kf3 Kh3 40. a4 g5 41. b4 g4+ 42. Kf2 Kh2 43. b5 axb5 44. axb5 g3+ 45. Kf3 g2 46. c4 g1Q 47. c5 Qxc5 48. b6 Qxb6 49. Ke4 Qa5 50. Kd3 Qe5 51. Kc4 Kg2 52. Kd3 Qf4 53. Kc3 Qe4 54. Kd2 Qf3 55. Kc2 Qe3 56. Kb2 Qd3 57. Ka2 Qc3 58. Kb1 Qd2 59. Ka1 Kf3 60. Kb1 Ke3 61. Ka1 Kd3 62. Kb1 Kc3 63. Ka1 Qb2# 0-1